| 000 | 00495nam a2200157Ia 4500 | ||
|---|---|---|---|
| 008 | 231031s2017 xx 000 0 und d | ||
| 020 | _a9789332586284 | ||
| 041 | _aeng | ||
| 082 | _a530/YON/FRE | ||
| 100 | _aYoung, Hugh D.; Freedman, Roger A.; Ford, A. Lewis; Young, Hugh D. | ||
| 245 | _aSears and Zemansky's university physics : with modern physics | ||
| 250 | _a14th Ed. | ||
| 260 |
_aChennai _bPearson India Edu. Service Pvt. Ltd. Chennai _c2017 |
||
| 300 | _a1593 | ||
| 650 | _aPhysics | ||
| 999 |
_c916949 _d916949 |
||